[Event "Paleros op 2nd"]
[Site "Paleros"]
[Date "2013.08.28"]
[Round "6"]
[White "Patriarheas, Georgios"]
[Black "Roumbeglis, Nikolaos"]
[Result "0-1"]
[WhiteElo "1976"]
[BlackElo "2163"]
[PlyCount "110"]
[EventDate "2013.08.24"]
[EventType "swiss"]
[EventRounds "9"]
[EventCountry "GRE"]
[SourceTitle "CBM 156 Extra"]
[Source "ChessBase"]
[SourceDate "2013.10.22"]
[SourceVersion "1"]
[SourceVersionDate "2013.10.22"]
[SourceQuality "1"]

1. e4 c6 2. d4 d5 3. exd5 cxd5 4. Bd3 Nc6 5. c3 Nf6 6. f4 g6 7. Nf3 Bf5 8. 0-0 Qc8 9. Ne5 Bg7 10. Qe2 0-0 11. Nd2 Bxd3 12. Qxd3 Qf5 13. Qf3 Rac8 14. Nb3 b6 15. Be3 Qe4 16. Rae1 Qxf3 17. gxf3 e6 18. Nc1 Nh5 19. Ncd3 Rc7 20. Bf2 Ne7 21. Kg2 Rfc8 22. Bg3 Nf5 23. Re2 Bf8 24. Ra1 Be7 25. Rb1 Nhg7 26. Ra1 h5 27. Rb1 Ne8 28. Ne1 Kg7 29. Nc2 Ned6 30. Bf2 Nc4 31. Kh3 Bd6 32. Nd3 Rb7 33. Kg2 Rbb8 34. Kh3 b5 35. Kg2 a5 36. a3 Ne7 37. Be1 Rc7 38. Kh3 Nc6 39. Kg2 Nb6 40. Kh3 Nd7 41. Bd2 Re8 42. Ra1 Nb6 43. Rae1 Nc4 44. Ra1 Nxd2 45. Rxd2 Rb8 46. Kg3 b4 47. axb4 axb4 48. Ra6 bxc3 49. bxc3 Rb3 50. Ncb4 Bxb4 51. Nxb4 Nxb4 52. cxb4 Rcc3 53. Rb6 Rxf3+ 54. Kg2 h4 55. Rd1 h3+ 0-1

[Event "Ambelokipi op 107th"]
[Site "Athens"]
[Date "2010.09.15"]
[Round "2"]
[White "Panagiotakos, Petros"]
[Black "Roumbeglis, Nikolaos"]
[Result "0-1"]
[WhiteElo "1871"]
[BlackElo "2151"]
[PlyCount "70"]
[EventDate "2010.09.11"]
[EventType "swiss"]
[EventRounds "7"]
[EventCountry "GRE"]
[SourceTitle "EXT 2024"]
[Source "ChessBase"]
[SourceDate "2023.10.10"]
[SourceVersion "1"]
[SourceVersionDate "2023.10.10"]
[SourceQuality "1"]

1. c4 c5 2. Nc3 Nc6 3. g3 g6 4. Bg2 Bg7 5. Nf3 e6 6. e3 Nge7 7. d4 cxd4 8. exd4 d5 9. cxd5 exd5 10. 0-0 0-0 11. Bf4 Bg4 12. Be3 Qd7 13. Qb3 Rad8 14. Rad1 Qf5 15. Nh4 Bxd1 16. Rxd1 Qd7 17. Qa4 Rfe8 18. b4 b6 19. Bf1 a5 20. a3 axb4 21. axb4 Ra8 22. Qb3 Rec8 23. Bg2 Rd8 24. Bf1 h6 25. Ng2 Nf5 26. Bb5 Qd6 27. Nxd5 Ncxd4 28. Bxd4 Nxd4 29. Rxd4 Bxd4 30. Nge3 Qe5 31. Bc6 Ra1+ 32. Kg2 h5 33. Nf4 Kg7 34. Bd5 Bxe3 35. fxe3 Ra7 0-1